The Comptroller and auditor- general's (duties, powers and conditions of service) bill, 1969 (Record no. 500106)

000 -LEADER
fixed length control field 00407cam a22001097a 4500
008 - FIXED-LENGTH DATA ELEMENTS--GENERAL INFORMATION
fixed length control field 180718b1970 xxu||||| |||| 00| 0 eng d
082 ## - DEWEY DECIMAL CLASSIFICATION NUMBER
Classification number K6203x54 In2 com/1969
245 ## - TITLE STATEMENT
Title The Comptroller and auditor- general's (duties, powers and conditions of service) bill, 1969
Statement of responsibility, etc. by Lok Sabha Secretariat, India
260 ## - PUBLICATION, DISTRIBUTION, ETC.
Place of publication, distribution, etc. Delhi
Name of publisher, distributor, etc. Lok Sabha Secretariat
Date of publication, distribution, etc. 1970
300 ## - PHYSICAL DESCRIPTION
Extent 48+p.
700 ## - ADDED ENTRY--PERSONAL NAME
Personal name India. Lok Sabha Secretariat
Holdings
Withdrawn status Lost status Damaged status Not for loan Permanent Location Current Location Date acquired Full call number Barcode Date last seen Price effective from Koha item type
        Indian Institute of Public Administration Indian Institute of Public Administration 2018-08-04 K6203x54 In2 com/1969 GG14387 2018-08-04 2018-08-04 GG
        Indian Institute of Public Administration Indian Institute of Public Administration 2018-08-04 K6203x54 In2 com/1969 GG13809 2018-08-04 2018-08-04 GG

Powered by Koha